| 000 | 00515nam a22001937a 4500 | ||
|---|---|---|---|
| 003 | CEME | ||
| 005 | 20210628210313.0 | ||
| 008 | 210201b xxu||||| |||| 00| 0 eng d | ||
| 020 | _a969-0-01570-2 | ||
| 040 | _c. | ||
| 082 | _a297.23 SID | ||
| 100 |
_aSiddiqui, Muhammad Abdul Majid _978913 |
||
| 245 | _aDunya jungaon kay dehany per | ||
| 260 |
_aLAHORE _bFEROZE SONS _c1999 |
||
| 300 | _a179P | ||
| 650 |
_aISLAM-ALAMAAT KIYAMAT _978914 |
||
| 700 |
_aMuhammad Abdul Majid Siddiqui _978915 |
||
| 942 |
_cBK _2ddc |
||
| 999 |
_c583983 _d583983 |
||